<?xml version="1.0" encoding="UTF-8"?>
<record
    xmlns:xsi="http://www.w3.org/2001/XMLSchema-instance"
    xsi:schemaLocation="http://www.loc.gov/MARC21/slim http://www.loc.gov/standards/marcxml/schema/MARC21slim.xsd"
    xmlns="http://www.loc.gov/MARC21/slim">

  <leader>00927cam a2200265 a 4500</leader>
  <controlfield tag="003">3228</controlfield>
  <controlfield tag="005">20221128134122.0</controlfield>
  <controlfield tag="008">050825s2005    enka     b    001 0 eng d</controlfield>
  <datafield tag="020" ind1=" " ind2=" ">
    <subfield code="a">9780195784145</subfield>
  </datafield>
  <datafield tag="040" ind1=" " ind2=" ">
    <subfield code="c">rda</subfield>
  </datafield>
  <datafield tag="082" ind1=" " ind2=" ">
    <subfield code="a">808.06607 FRAN</subfield>
  </datafield>
  <datafield tag="100" ind1="1" ind2=" ">
    <subfield code="a">Nel, Fran&#xE7;ois.</subfield>
    <subfield code="9">105886</subfield>
  </datafield>
  <datafield tag="245" ind1="1" ind2="0">
    <subfield code="a">Writing for the media in southern Africa /</subfield>
    <subfield code="c">Fran&#xE7;ois Nel.</subfield>
  </datafield>
  <datafield tag="250" ind1=" " ind2=" ">
    <subfield code="a">3rd ed.</subfield>
  </datafield>
  <datafield tag="260" ind1=" " ind2=" ">
    <subfield code="a">Oxford ;</subfield>
    <subfield code="a">New York :</subfield>
    <subfield code="b">Oxford University Press,</subfield>
    <subfield code="c">2005.</subfield>
  </datafield>
  <datafield tag="300" ind1=" " ind2=" ">
    <subfield code="a">404 pages :</subfield>
    <subfield code="b">illustrations ;</subfield>
    <subfield code="c">24 cm.</subfield>
  </datafield>
  <datafield tag="500" ind1=" " ind2=" ">
    <subfield code="a">Rev. ed. of: Writing for the media, 1998.</subfield>
  </datafield>
  <datafield tag="504" ind1=" " ind2=" ">
    <subfield code="a">Includes bibliographical references and index.</subfield>
  </datafield>
  <datafield tag="650" ind1=" " ind2="0">
    <subfield code="a">Journalism</subfield>
    <subfield code="x">Authorship.</subfield>
    <subfield code="9">174663</subfield>
  </datafield>
  <datafield tag="650" ind1=" " ind2="0">
    <subfield code="a">Mass media</subfield>
    <subfield code="x">Authorship.</subfield>
    <subfield code="9">174664</subfield>
  </datafield>
  <datafield tag="650" ind1=" " ind2="0">
    <subfield code="a">Journalism</subfield>
    <subfield code="z">Africa, Southern.</subfield>
    <subfield code="9">174665</subfield>
  </datafield>
  <datafield tag="650" ind1=" " ind2="0">
    <subfield code="a">Reporters and reporting</subfield>
    <subfield code="z">Africa, Southern.</subfield>
    <subfield code="9">174666</subfield>
  </datafield>
  <datafield tag="700" ind1="1" ind2=" ">
    <subfield code="a">Nel, Fran&#xE7;ois.</subfield>
    <subfield code="t">Writing for the media.</subfield>
    <subfield code="9">174667</subfield>
  </datafield>
  <datafield tag="942" ind1=" " ind2=" ">
    <subfield code="2">ddc</subfield>
    <subfield code="c">BOOK</subfield>
    <subfield code="w">169</subfield>
    <subfield code="x">Boniswa Ngcongolo</subfield>
    <subfield code="y">169</subfield>
    <subfield code="z">Boniswa Ngcongolo</subfield>
  </datafield>
  <datafield tag="999" ind1=" " ind2=" ">
    <subfield code="c">741708</subfield>
    <subfield code="d">741707</subfield>
  </datafield>
  <datafield tag="952" ind1=" " ind2=" ">
    <subfield code="0">0</subfield>
    <subfield code="1">0</subfield>
    <subfield code="2">ddc</subfield>
    <subfield code="4">0</subfield>
    <subfield code="7">0</subfield>
    <subfield code="8">800</subfield>
    <subfield code="a">ERMEL</subfield>
    <subfield code="b">CAROL</subfield>
    <subfield code="c">GEN</subfield>
    <subfield code="d">2022-11-28</subfield>
    <subfield code="l">1</subfield>
    <subfield code="o">808.06607 FRAN</subfield>
    <subfield code="p">33228031000976</subfield>
    <subfield code="q">2024-09-09</subfield>
    <subfield code="r">2024-08-26</subfield>
    <subfield code="s">2024-08-26</subfield>
    <subfield code="w">2022-11-28</subfield>
    <subfield code="y">BOOK</subfield>
  </datafield>
  <datafield tag="952" ind1=" " ind2=" ">
    <subfield code="0">0</subfield>
    <subfield code="1">0</subfield>
    <subfield code="2">ddc</subfield>
    <subfield code="4">0</subfield>
    <subfield code="7">0</subfield>
    <subfield code="a">MAFEL</subfield>
    <subfield code="b">MAFEL</subfield>
    <subfield code="d">2024-11-14</subfield>
    <subfield code="i">3300610006190</subfield>
    <subfield code="l">0</subfield>
    <subfield code="o">808.06607 FRAN</subfield>
    <subfield code="p">33228022705379</subfield>
    <subfield code="r">2024-11-14</subfield>
    <subfield code="w">2024-11-14</subfield>
    <subfield code="y">BOOK</subfield>
  </datafield>
  <datafield tag="952" ind1=" " ind2=" ">
    <subfield code="0">0</subfield>
    <subfield code="1">0</subfield>
    <subfield code="2">ddc</subfield>
    <subfield code="4">0</subfield>
    <subfield code="7">0</subfield>
    <subfield code="a">MAFEL</subfield>
    <subfield code="b">MAFEL</subfield>
    <subfield code="d">2024-11-14</subfield>
    <subfield code="i">3300610006190</subfield>
    <subfield code="l">0</subfield>
    <subfield code="o">808.06607 FRAN</subfield>
    <subfield code="p">33228022705380</subfield>
    <subfield code="r">2024-11-14</subfield>
    <subfield code="w">2024-11-14</subfield>
    <subfield code="y">BOOK</subfield>
  </datafield>
</record>
